000 00409nam a2200157Ia 4500
005 20240807062352.0
008 240806s9999||||xx |||||||||||||| ||eng||
041 _aeng
082 _a891.431009
_bSHUM
100 _aShukla, Bhawna
245 0 _aMadhyakaleen krishna kavya me nirupit jeevan-mulya /
_cShukla, Bhawna
260 _bChintan Prakashan, Kanpur
300 _a120
650 _aHindi
942 _cBK
999 _c16878
_d16878